| 000 | 00410cam a2200181ua 4500 | ||
|---|---|---|---|
| 001 | 19384 | ||
| 008 | 130621n II |||gr||||Z||||||eng | ||
| 040 | _aMAIN | ||
| 041 | _aEnglish | ||
| 082 | _a580 MUK | ||
| 100 | _aMUKHERJEE, H. | ||
| 245 | _aPLANT GROUPS | ||
| 250 | _aREP. | ||
| 260 |
_aLONDON: _bNEW CENTRAL BOOK AGENCY, _c2011. |
||
| 300 |
_a1117: _c20CM. |
||
| 653 | _aPlants (Botany) | ||
| 942 | _cBK | ||
| 999 |
_c19246 _d19246 |
||